|
|
|
|
| LEADER |
00997cam a2200217 i 4500 |
| 008 |
130425s2013 enk b 001 0 eng |
| 999 |
|
|
|c 130085
|d 130085
|
| 010 |
|
|
|a 2013003979
|
| 020 |
|
|
|a 9780521887106 (hardback)
|
| 042 |
|
|
|a pcc
|
| 082 |
0 |
0 |
|a 577.83 ANI
|2 23
|
| 245 |
0 |
0 |
|a Animal contests /
|c edited by Ian C.W. Hardy, University of Nottingham, UK, Mark Briffa, Plymouth University, UK.
|
| 300 |
|
|
|a xxv, 357 pages, 8 unnumbered pages of color plates :
|b illustrations ;
|c 25 cm
|
| 504 |
|
|
|a Includes bibliographical references and index.
|
| 650 |
|
0 |
|a Competition (Biology)
|
| 700 |
1 |
|
|a Briffa, Mark.,
|e editor of compilation.
|
| 700 |
1 |
|
|a Hardy, Ian C. W.
|e editor of compilation.
|
| 942 |
|
|
|c BK
|
| 906 |
|
|
|a 7
|b cbc
|c orignew
|d 1
|e ecip
|f 20
|g y-gencatlg
|
| 955 |
|
|
|b xh12 2013-04-25
|i xh12 2013-04-25 to Dewey
|a xn09 2013-08-30 1 copy rec'd., to CIP ver.
|a rl00 2013-09-09 to SMA
|
| 952 |
|
|
|0 0
|1 0
|2 ddc
|4 0
|6 577_830000000000000_ANI
|7 0
|9 143508
|a ZOO
|b ZOO
|c ST1
|d 2017-03-18
|o 577.83 ANI
|p ZOO6006
|r 2017-03-18
|y BK
|